=LDR 00000nam 2200000 4500 =001 INLIS000000000008633 =005 20130612100459 =008 ***********************************Ind** =035 ##$$0010-061300000008633 =041 ##$$a Ind =082 ##$$a 297.60 =090 ##$$a 297.60, Uma o =100 ##$$a Umar, Muin =245 ##$$a Orientalisme Dan Study Tentang Islam, Drs.A.Muin Umar =260 ##$$a 1978 $b Jakarta =300 ##$$a 132 hlm, 21 cm =650 ##$$a Islam